000 00839cam a22002292 4500
001 0000019074
005 20151217152144.0
008 100908s xx 000 0 eng d
020 _a0802819475 :
040 _aKABU
_cKABU
100 1 _aBailey, Kenneth E.
_@0000178676
245 1 0 _aPoet & peasant and through peasant eyes :
_ba literary-cultural approach to the parables of Luke /
_cby Kenneth E. Bailey.
250 _a1st ed.
260 _aGrand Rapids, Michigan :
_bW. B. Eerdmans,
_c1983.
300 _a187 p. ;
_c cm.
600 1 0 _aJesus Christ
_xParables.
_@0000149365
630 0 0 _aBible.
_pN.T.
_pLuke.
_xCriticism, interpretation, etc.
_@0000178677
852 1 _9p500 KES
852 1 _9p1600 KES
908 _a100908
950 _@1
999 _c8801
_d8801